LEADER 00930nam0-22003371i-450- 001 990004004430403321 005 20110304104958.0 010 $a0136919901 035 $a000400443 035 $aFED01000400443 035 $a(Aleph)000400443FED01 035 $a000400443 100 $a20040308d2000----km-y0itay50------ba 101 0 $aeng 102 $aUS 105 $aa---a---001yy 200 1 $aPower systems analysis$fArthur R. Bergen, Vijay Vittal 205 $a2nd ed. 210 $aUpper Saddle River$cPrentice Hall$d2000 215 $axii, 619 p.$cill.$d24 cm 610 0 $aSistemi elettrici di potenza 676 $a621.31 700 1$aBergen,$bArthur R.$0151529 701 1$aVittal,$bVijay$0151530 801 0$aIT$bUNINA$gRICA$2UNIMARC 901 $aBK 912 $a990004004430403321 952 $a10 D II 677$bDIEL 3145$fDINEL 959 $aDINEL 996 $aPower systems analysis$9472022 997 $aUNINA LEADER 01743nam a2200325 i 4500 001 991000498349707536 008 041019s 000 0 ger d 020 $a9783110146943 (v.1) 020 $a9783110171501 (v.2) 020 $a9783110171518 (v.3) 022 $a1861-5090 035 $ab13229837-39ule_inst 040 $aDip.to Filologia Ling. e Lett.$bita 245 10$aRomanische Sprachgeschichte Histoire linguistique de la Romania :$bEin internationales Handbuch zur Geschichte der romanischen Sprachen. Manuel international d'histoire linguistique de la Romania /$cHerausgegeben von /edité par Gerhard Ernst, Martin-Dietrich GleBgen, Christian Scchmitt, Wolfgang Schweickard 260 $aBerlin-New York :$bWalter de Gruyter ;$cc2003 300 $a3 v. :$bill. ;$c30 cm 440 0$aHandbucher zur Sprach-und Kommunikations-wissenschaft ;$v23.1-3 650 4$aHistoire linguistique$xRomania 700 1 $aErnst, Gerhard$eauthor$4http://id.loc.gov/vocabulary/relators/aut$0388980 700 1 $aGleBgen, Martin-Dietrich 700 1 $aSchmitt, Cristian 700 1 $aSchweickard, Wolfgang 907 $a.b13229837$b21-05-14$c19-10-04 912 $a991000498349707536 945 $aLE008 FL.M. (f.r.) IX 349 v.1$g1$i2008000101121$lle008$nColuccia$o-$pE0.00$q-$rl$s- $t0$u0$v0$w0$x0$y.i13901539$z19-10-04 945 $aLE008 FL.M. (f.r) IX 349 v.3$g1$i2008000410711$lle008$o-$pE0.00$q-$rl$s- $t0$u0$v0$w0$x0$y.i15019743$z28-10-09 945 $aLE008 FL.M. (f.r.) IX 349 v.2$g1$i2008000410728$lle008$o-$pE0.00$q-$rl$s- $t0$u0$v0$w0$x0$y.i15019779$z28-10-09 996 $aRomanische Sprachgeschichte Histoire linguistique de la Romania$91460526 997 $aUNISALENTO 998 $ale008$b19-10-04$cm$da $e-$fger$gde $h0$i0 LEADER 01282nam0 22002771i 450 001 UON00053648 005 20231205102237.378 100 $a20020107d1976 |0itac50 ba 101 $aeng 102 $aJP 105 $a|||| 1|||| 200 1 $aAspects of Japanese discourse structure$fJohn Hinds 210 $aTokyo$ckaitakusha$d1976 215 $aVIII, 152 p.$d21 cm 606 $aLingua giapponese$xSintassi$3UONC008209$2FI 620 $aJP$dTo?kyo?$3UONL000031 686 $aGIA II C$cGiappone - Linguistica - Testi specifici$2A 700 1$aHINDS$bJohn$3UONV027799$0165936 712 $aKaitakusha$3UONV246454$4650 801 $aIT$bSOL$c20250627$gRICA 912 $aUON00053648 950 $aSIBA - SISTEMA BIBLIOTECARIO DI ATENEO$dSI DOPPI GIA II C 010 $eSI SA 42539 7 010 950 $aSIBA - SISTEMA BIBLIOTECARIO DI ATENEO$dSI GIA II C 010 $eSI SA 611 7 010 950 $aSIBA - SISTEMA BIBLIOTECARIO DI ATENEO$dSI GIA II C 010 BIS $eSI SA 9454 7 010 BIS 996 $aAspects of Japanese discourse structure$91150752 997 $aUNIOR